Practicarum quaestionum circa leges regias Hispaniae (Registro nro. 78864)

Detalles MARC
000 -ENCABEZADO
Número de control [NR] 02265nam a2200349Ia 4500
008 - DE LONGITUD FIJA DE DATOS DE ELEMENTOS - INFORMACIÓN GENERAL
Elementos de longitud fija [NR] 130821s1611 sp a gr lat
040 ## - FUENTE DE CATALOGACION [NR]
Agencia de catalogación original [NR] Co-BoUCM
Idioma de catalogación [NR] spa
041 0# - CODIGO DE IDIOMA [R]
Código de idioma para texto/pista de sonido o título separado [R] Latín
092 ## - SIGNATURA TOPOGRAFICA LOCAL
Número de clasificación local E16N054
100 1# - ASIENTO PRINCIPAL--NOMBRE PERSONAL [NR]
Nombre personal [NR] Gutiérrez, Juan
Fechas asociadas con el nombre [NR] d. 1618
245 10 - MENCION DE TITULO [NR]
Título [NR] Practicarum quaestionum circa leges regias Hispaniae
Parte restante del título [NR] secundae partis Novae Collectionis Regiae liber IIII
Mención de responsabilidad, etc. [NR] Authore D. Ioanne Gutierrez
246 13 - FORMA VARIANTE DEL TITULO [R]
Título propiamente dicho/forma breve del título [NR] [Libro cuarto de las cuestiones prácticas sobre las leyes Reales de España
Parte restante del título [NR] segunda parte de la Nueva Recopilación Real]
260 ## - PUBLICACION, DISTRIBUCION, ETC. (PIE DE IMPRENTA) [R]
Lugar de publicación, distribución, etc. [R] Madrid (España)
Nombre del editor, distribuidor, etc. [R] Apud Ioannem de la Cuesta [Juan de la Cuesta] Expensis haeredum Francisci Lopez, Ioannis à Sarria, et Francisci de Robles [a expensas de los herederos de Francisco López, Juan de Sarria y Francisco de Robles]
Fecha de publicación, distribución, etc. [R] 1611
300 ## - DESCRIPCION FISICA [R]
Extensión [R] [16], 341, [2] páginas, 1 h. en bl. , [96] páginas
Otros detalles físicos [NR] ilustraciones
500 ## - NOTA GENERAL [R]
Nota general [NR] Detalles físicos: Encuadernación en pergamino, piel deteriorada en bordes y esquinas. Ejemplar en regular estado de conservación, descuadernado. Conserva guardas delanteras con roturas en los bordes. Portada sencilla, impresa a una sola tinta, c
504 ## - NOTA DE BIBLIOGRAFIA, ETC. [R]
Nota de bibliografía, etc. [NR]
505 0# - NOTA DE CONTENIDO CON FORMATO PREESTABLECIDO [R]
Nota de contenido con formato preestablecido [NR] Setenta y tres cuestiones en las que se exponen y sustentan interpretaciones jurídicas de diversas leyes reales de España, relacionadas con diferentes temas.
506 ## - NOTA DE RESTRICCIONES DE ACCESO [R]
Condiciones de acceso [NR] Consulta en sala.
546 ## - NOTA DE IDIOMA [R]
Nota de idioma [NR] Texto en latín, con expresiones en español antiguo.
650 ## - ASIENTO SECUNDARIO DE MATERIA - TERMINO TEMATICO [R]
Término temático o nombre geográfico como elemento de entrada [NR] Derecho civil
9 (RLIN) 12711
650 ## - ASIENTO SECUNDARIO DE MATERIA - TERMINO TEMATICO [R]
Término temático o nombre geográfico como elemento de entrada [NR] Derecho civil
Subdivisión geográfica [R] España
Subdivisión general [R] Obras anteriores a 1600
9 (RLIN) 12711
650 ## - ASIENTO SECUNDARIO DE MATERIA - TERMINO TEMATICO [R]
Término temático o nombre geográfico como elemento de entrada [NR] Derecho eclesiástico
Subdivisión geográfica [R] España
Subdivisión general [R] Obras anteriores a 1600
9 (RLIN) 12757
650 ## - ASIENTO SECUNDARIO DE MATERIA - TERMINO TEMATICO [R]
Término temático o nombre geográfico como elemento de entrada [NR] Legislación
Subdivisión geográfica [R] España
Subdivisión cronológica [R] Siglo xvi
9 (RLIN) 7782
650 ## - ASIENTO SECUNDARIO DE MATERIA - TERMINO TEMATICO [R]
Término temático o nombre geográfico como elemento de entrada [NR] Leyes
Subdivisión geográfica [R] Castilla (España)
Subdivisión cronológica [R] Siglo xvi
9 (RLIN) 18459
700 1# - ASIENTO SECUNDARIO - NOMBRE PERSONAL [R]
Nombre personal [NR] Cuesta, Juan de la
Término de relación [R]
700 1# - ASIENTO SECUNDARIO - NOMBRE PERSONAL [R]
Nombre personal [NR] de López, Francisco
Títulos u otras palabras asociadas con el nombre [R] herederos de
Término de relación [R]
700 1# - ASIENTO SECUNDARIO - NOMBRE PERSONAL [R]
Nombre personal [NR] Robles, Francisco de.
Títulos u otras palabras asociadas con el nombre [R] herederos de
Término de relación [R]
700 1# - ASIENTO SECUNDARIO - NOMBRE PERSONAL [R]
Nombre personal [NR] Sarria, Juan de
Títulos u otras palabras asociadas con el nombre [R] herederos de
Término de relación [R]
856 41 - LOCALIZACION Y ACCESO ELECTRONICOS [R]
Nota dirigida al público [R] Disponible en línea
Identificador Uniforme del Recurso (“URI”) [R] <a href="http://books.google.com.co/books?id=YjHxx1VZ1Y4C&printsec=frontcover&dq=Practicarum+quaestionum+circa+leges+regias+Hispaniae+1611&hl=es&sa=X&ei=IUYwT6n0CsOgiQL_9PiHAw&redir_esc=y#v=onepage&q&f=false">http://books.google.com.co/books?id=YjHxx1VZ1Y4C&printsec=frontcover&dq=Practicarum+quaestionum+circa+leges+regias+Hispaniae+1611&hl=es&sa=X&ei=IUYwT6n0CsOgiQL_9PiHAw&redir_esc=y#v=onepage&q&f=false</a>
942 ## - ELEMENTOS DE ENTRADA AGREGADOS (KOHA)
Tipo de ítem principal el descrito en 300a Libro
Tema principal Derecho
Edición 1
Sistema de clasificación DEWEY
Clasificación 346.946
Existencias
Total préstamos Código de barras Última vez visto Volúmen / Fascículo Ejemplar Price effective from Tipo de ítem Perdido Sistema de clasificación Dañado No prestable Tipo de ítem específico Suprimido Ubicación habitual Ubicación actual Localización Fecha de creación Forma de adquisición Costo
  L002517 15/12/2012 E16N054 V.4 Ej.1 03/02/2013 Libro   DEWEY     Libro archivo     Archivo Histórico Archivo histórico 28/02/2014 Donación 0.00